000
00317nam a2200121Ia 4500
100
_a
Government of India/Ministry of Lab & Emplo
942
_c
BK
654
_a
Mechanical
245
_a
Manual For The Trade of Draughtsman Mechanical
260
_b
Govt. of India
_a
NewDelhi
_c
1964
300
_a
190
546
_a
ENGLISH
999
_c
26207
_d
26207